<?xml version="1.0" encoding="UTF-8"?>
<record
    xmlns:xsi="http://www.w3.org/2001/XMLSchema-instance"
    xsi:schemaLocation="http://www.loc.gov/MARC21/slim http://www.loc.gov/standards/marcxml/schema/MARC21slim.xsd"
    xmlns="http://www.loc.gov/MARC21/slim">

  <leader>04293cam a2200457 i 4500</leader>
  <controlfield tag="001">20699892</controlfield>
  <controlfield tag="003">CSPC</controlfield>
  <controlfield tag="005">20260331153300.0</controlfield>
  <controlfield tag="008">260330s2023    moua     b    001 0 eng d</controlfield>
  <datafield tag="010" ind1=" " ind2=" ">
    <subfield code="a">2021946990</subfield>
  </datafield>
  <datafield tag="020" ind1=" " ind2=" ">
    <subfield code="a">9780323810241</subfield>
    <subfield code="q">(paperback)</subfield>
  </datafield>
  <datafield tag="040" ind1=" " ind2=" ">
    <subfield code="a">YDX</subfield>
    <subfield code="b">eng</subfield>
    <subfield code="c">YDX</subfield>
    <subfield code="e">rda</subfield>
    <subfield code="d">BDX</subfield>
    <subfield code="d">OCLCQ</subfield>
    <subfield code="d">FTX</subfield>
    <subfield code="d">PZS</subfield>
    <subfield code="d">VAM</subfield>
    <subfield code="d">OCLCF</subfield>
    <subfield code="d">OHS</subfield>
    <subfield code="d">OCLCO</subfield>
    <subfield code="d">IBI</subfield>
    <subfield code="d">CUX</subfield>
    <subfield code="d">CNCGM</subfield>
    <subfield code="d">S1C</subfield>
    <subfield code="d">VET</subfield>
    <subfield code="d">OCLCO</subfield>
    <subfield code="d">OCLCA</subfield>
    <subfield code="d">OCLCQ</subfield>
    <subfield code="d">OCLCO</subfield>
    <subfield code="d">OCL</subfield>
    <subfield code="d">DLC</subfield>
    <subfield code="d">CSPC</subfield>
  </datafield>
  <datafield tag="042" ind1=" " ind2=" ">
    <subfield code="a">lccopycat</subfield>
  </datafield>
  <datafield tag="050" ind1=" " ind2="4">
    <subfield code="a">RM216</subfield>
    <subfield code="b">.G946 2023 </subfield>
  </datafield>
  <datafield tag="082" ind1="0" ind2="4">
    <subfield code="2">23</subfield>
    <subfield code="a">615.854</subfield>
    <subfield code="b">G892n</subfield>
  </datafield>
  <datafield tag="100" ind1="1" ind2=" ">
    <subfield code="a">Grodner, Michele,</subfield>
    <subfield code="e">author.</subfield>
  </datafield>
  <datafield tag="245" ind1="1" ind2="0">
    <subfield code="a">Nutritional foundations and clinical applications :</subfield>
    <subfield code="b">a nursing approach /</subfield>
    <subfield code="c">Michele Grodner, Sylvia Escott-Stump, and Suzanne Dorner.</subfield>
  </datafield>
  <datafield tag="250" ind1=" " ind2=" ">
    <subfield code="a">8th edition.</subfield>
  </datafield>
  <datafield tag="264" ind1=" " ind2="1">
    <subfield code="a">St. Louis, Missouri :</subfield>
    <subfield code="b">Elsevier,</subfield>
    <subfield code="c">2023.</subfield>
  </datafield>
  <datafield tag="300" ind1=" " ind2=" ">
    <subfield code="a">xvii, 439 pages :</subfield>
    <subfield code="b">illustrations ;</subfield>
    <subfield code="c">28 cm.</subfield>
  </datafield>
  <datafield tag="336" ind1=" " ind2=" ">
    <subfield code="a">text</subfield>
    <subfield code="b">txt</subfield>
    <subfield code="2">rdacontent</subfield>
  </datafield>
  <datafield tag="337" ind1=" " ind2=" ">
    <subfield code="a">unmediated</subfield>
    <subfield code="b">n</subfield>
    <subfield code="2">rdamedia</subfield>
  </datafield>
  <datafield tag="338" ind1=" " ind2=" ">
    <subfield code="a">volume</subfield>
    <subfield code="b">nc</subfield>
    <subfield code="2">rdacarrier</subfield>
  </datafield>
  <datafield tag="504" ind1=" " ind2=" ">
    <subfield code="a">Includes bibliographical references and index.</subfield>
  </datafield>
  <datafield tag="505" ind1="0" ind2=" ">
    <subfield code="a">Part I. Wellness, nutrition, and the nursing role -- Wellness nutrition -- Personal and community nutrition. -- Part II. Nutrients, food, and health -- Digestion, absorption, and metabolism -- Carbohydrates -- Fats -- Protein -- Vitamins -- Water and minerals. -- Part III. Health promotion through nutrition and nursing practice -- Energy, weight, and fitness -- Nutrition across the life span. -- Part IV. Overview of nutrition therapy -- Nutrition assessment and patient care -- Food-related issues -- Nutrition for disorders of the gastrointestinal tract -- Nutrition for disorders of the liver, gallbladder, and pancreas -- Nutrition for diabetes mellitus -- Nutrition in metabolic stress: burns, trauma, and surgery -- Nutrition for cardiopulmonary diseases -- Nutrition for diseases of the kidneys -- Nutrition for neuro-psychiatric disorders -- Nutrition in cancer and Human Immunodeficiency virus/acquired immunodeficiency syndrome.</subfield>
  </datafield>
  <datafield tag="520" ind1=" " ind2=" ">
    <subfield code="a">"Describes nutritional healing and wellness from the nurse's perspective, covering dietary guidelines with a humanistic, personal touch, using first-hand accounts to show how nutrition principles apply to patients in real-world practice, updated with the most current guidelines and the latest research on nutrition. Written by noted educators Michele Grodner, Sylvia Escott-Stump, and Suzie Dorner, this leading nutrition text promotes healthy diets and shows how nutrition may be used in treating and controlling diseases and disorders"-- Publisher's description.</subfield>
  </datafield>
  <datafield tag="520" ind1=" " ind2=" ">
    <subfield code="a">"Case studies help apply nutrition principles to real-world practice situations. The Personal Perspectives box in each chapter offers a firsthand account of the ways in which nutrition affects patients' lives. Teaching Tool boxes include strategies for providing nutrition counseling to patients. The Nursing Approach boxes analyze a realistic nutritional case study according to the nursing process. Social Issue boxes show how ethical, social, and community concerns can influence health and wellness. Health Debate boxes address the nurse's response to differing opinions or controversies about food, nutrition, and health concerns. Cultural Considerations boxes show how to understand and respect the food and health customs of specific ethnic groups. Key terms and a glossary make it easy to learn key vocabulary and concepts. And NEW!, Nursing Approach sections include Next Generation NCLEX&#xAE; terminology as well as single-episode cases and questions, with answers on the Evolve website"-- Publisher's description.</subfield>
  </datafield>
  <datafield tag="650" ind1=" " ind2="0">
    <subfield code="a">Diet therapy.</subfield>
  </datafield>
  <datafield tag="650" ind1=" " ind2="0">
    <subfield code="a">Nutrition.</subfield>
  </datafield>
  <datafield tag="650" ind1=" " ind2="0">
    <subfield code="a">Nursing.</subfield>
  </datafield>
  <datafield tag="650" ind1="1" ind2="2">
    <subfield code="a">Diet Therapy</subfield>
    <subfield code="x">methods</subfield>
  </datafield>
  <datafield tag="650" ind1="1" ind2="2">
    <subfield code="a">Nutrition</subfield>
  </datafield>
  <datafield tag="650" ind1="1" ind2="2">
    <subfield code="a">Nursing Process</subfield>
  </datafield>
  <datafield tag="650" ind1="1" ind2="2">
    <subfield code="a">Nutritional Physiological Phenomena</subfield>
  </datafield>
  <datafield tag="700" ind1="1" ind2=" ">
    <subfield code="a">Escott-Stump, Sylvia</subfield>
    <subfield code="e">author.</subfield>
  </datafield>
  <datafield tag="700" ind1="1" ind2=" ">
    <subfield code="a">Dorner, Suzanne,</subfield>
    <subfield code="e">author.</subfield>
  </datafield>
  <datafield tag="906" ind1=" " ind2=" ">
    <subfield code="a">7</subfield>
    <subfield code="b">cbc</subfield>
    <subfield code="c">copycat</subfield>
    <subfield code="d">2</subfield>
    <subfield code="e">ncip</subfield>
    <subfield code="f">20</subfield>
    <subfield code="g">y-gencatlg</subfield>
  </datafield>
  <datafield tag="942" ind1=" " ind2=" ">
    <subfield code="2">ddc</subfield>
    <subfield code="n">0</subfield>
    <subfield code="c">BK</subfield>
    <subfield code="e">23</subfield>
    <subfield code="h">615.854</subfield>
    <subfield code="i">G892n</subfield>
    <subfield code="k">NUR</subfield>
    <subfield code="m">2023</subfield>
  </datafield>
  <datafield tag="952" ind1=" " ind2=" ">
    <subfield code="0">0</subfield>
    <subfield code="1">0</subfield>
    <subfield code="2">ddc</subfield>
    <subfield code="4">0</subfield>
    <subfield code="7">0</subfield>
    <subfield code="a">CSPC</subfield>
    <subfield code="b">CSPC</subfield>
    <subfield code="c">NUR</subfield>
    <subfield code="d">2026-03-30</subfield>
    <subfield code="l">0</subfield>
    <subfield code="o">NUR 615.854 G892n 2023</subfield>
    <subfield code="p">031421</subfield>
    <subfield code="r">2026-03-30 11:33:27</subfield>
    <subfield code="t">1-1</subfield>
    <subfield code="w">2026-03-30</subfield>
    <subfield code="y">BK</subfield>
  </datafield>
  <datafield tag="999" ind1=" " ind2=" ">
    <subfield code="c">32201</subfield>
    <subfield code="d">32201</subfield>
  </datafield>
</record>
